ENVIRONMENTAL LAW (Record no. 9679)
[ view plain ]
| 000 -LEADER | |
|---|---|
| fixed length control field | 00302nam a22001337a 4500 |
| 003 - CONTROL NUMBER IDENTIFIER | |
| control field | SGT |
| 082 ## - DEWEY DECIMAL CLASSIFICATION NUMBER | |
| Classification number | 344.460954,KAR |
| 100 ## - MAIN ENTRY--PERSONAL NAME | |
| Personal name | KARKARA,G.S |
| 245 ## - TITLE STATEMENT | |
| Title | ENVIRONMENTAL LAW |
| 260 ## - PUBLICATION, DISTRIBUTION, ETC. (IMPRINT) | |
| Place of publication, distribution, etc | ALLAHABAD |
| Name of publisher, distributor, etc | CENTRAL LAW HOUSE |
| Year of Publication | 1999 |
| 300 ## - PAGE DESCRIPTION | |
| No. of Pages | 240 |
| 653 ## - KEYWORDS--INDEX TERM | |
| Keyword term | ENVIRONMENTAL LA IN INDIA |
| 942 ## - ADDED ENTRY ELEMENTS (KOHA) | |
| Source of classification or shelving scheme | Dewey Decimal Classification |
| Koha item type | Books |
| 942 ## - ADDED ENTRY ELEMENTS (KOHA) | |
| -- | 2 |
| Withdrawn status | Lost status | Source of classification or shelving scheme | Damaged status | Not for loan | Collection code | Home library | Current library | Shelving location | Date acquired | Vendor Name | SGTU | Total Checkouts | Total Renewals | Full call number | Accession No. (Barcode) | Date last seen | Date last borrowed | Bill Date | Koha item type |
|---|---|---|---|---|---|---|---|---|---|---|---|---|---|---|---|---|---|---|---|
| Dewey Decimal Classification | LAW | SGT Science & Social Sciences Library | SGT Science & Social Sciences Library | Text Book | 27/07/2016 | GIFT BY DR DILIP SINGH | SGTU | 10 | 2 | 344.460954,KAR | FL279 | 10/04/2023 | 31/03/2023 | 27/07/2016 | Books |